<?xml version="1.0" encoding="UTF-8"?><?xml-stylesheet type="text/xsl" href="static/style.xsl"?><OAI-PMH xmlns="http://www.openarchives.org/OAI/2.0/" xmlns:xsi="http://www.w3.org/2001/XMLSchema-instance" xsi:schemaLocation="http://www.openarchives.org/OAI/2.0/ http://www.openarchives.org/OAI/2.0/OAI-PMH.xsd"><responseDate>2026-04-13T07:00:24Z</responseDate><request verb="GetRecord" identifier="oai:www.recercat.cat:2072/415349" metadataPrefix="marc">https://recercat.cat/oai/request</request><GetRecord><record><header><identifier>oai:recercat.cat:2072/415349</identifier><datestamp>2026-03-25T03:46:31Z</datestamp><setSpec>com_2072_98</setSpec><setSpec>col_2072_378192</setSpec></header><metadata><record xmlns="http://www.loc.gov/MARC21/slim" xmlns:dcterms="http://purl.org/dc/terms/" xmlns:xsi="http://www.w3.org/2001/XMLSchema-instance" xmlns:doc="http://www.lyncode.com/xoai" xsi:schemaLocation="http://www.loc.gov/MARC21/slim http://www.loc.gov/standards/marcxml/schema/MARC21slim.xsd">
   <leader>00925njm 22002777a 4500</leader>
   <datafield ind2=" " ind1=" " tag="042">
      <subfield code="a">dc</subfield>
   </datafield>
   <datafield ind2=" " ind1=" " tag="720">
      <subfield code="a">Nieto Betancourt, Jenny Marcela</subfield>
      <subfield code="e">author</subfield>
   </datafield>
   <datafield ind2=" " ind1=" " tag="720">
      <subfield code="a">Torres Torres, Katherin</subfield>
      <subfield code="e">author</subfield>
   </datafield>
   <datafield ind2=" " ind1=" " tag="260">
      <subfield code="c">2013</subfield>
   </datafield>
   <datafield ind2=" " ind1=" " tag="520">
      <subfield code="a">Las preguntas han estado presentes a lo largo de la historia de la humanidad como uno de los mecanismos que el hombre ha utilizado para comprender el mundo y a partir de estas dar explicación a los fenómenos que le rodean, es precisamente desde ese punto de vista que las preguntas cobran gran importancia. A partir del enfoque de Investigación Dirigida, desarrollamos una unidad didáctica sobre contaminación y reciclaje de residuos sólidos, basándonos en las experiencias en el aula, observamos la presencia de múltiples cuestionamientos por parte de los niños sobre el ambiente, la contaminación y como estos problemas afectan nuestro entorno, en este escrito nos enfocaremos en el potencial de dichas preguntas y su importancia en el aprendizaje de los niños. Como resultado destacamos tres grupos de preguntas y su contribución en la comprensión de la contaminación y el reciclaje.</subfield>
   </datafield>
   <datafield tag="653" ind2=" " ind1=" ">
      <subfield code="a">Pregunta</subfield>
   </datafield>
   <datafield tag="653" ind2=" " ind1=" ">
      <subfield code="a">Unidad didáctica</subfield>
   </datafield>
   <datafield tag="653" ind2=" " ind1=" ">
      <subfield code="a">Ambiente</subfield>
   </datafield>
   <datafield tag="653" ind2=" " ind1=" ">
      <subfield code="a">Contaminación</subfield>
   </datafield>
   <datafield tag="653" ind2=" " ind1=" ">
      <subfield code="a">Investigación dirigida</subfield>
   </datafield>
   <datafield ind2="0" ind1="0" tag="245">
      <subfield code="a">La comprensión acerca de la contaminación y el reciclaje a través de las preguntas de los niños</subfield>
   </datafield>
</record></metadata></record></GetRecord></OAI-PMH>